[Event "AUTO-MASTER-1417"]
[Site "http://www.queenalice.com/game.php?id=942679"]
[Date "2011.5.26"]
[Round "1"]
[White "grotegeest"]
[Black "marcosweck"]
[Result "1-0"]
[WhiteElo "2259"]
[BlackElo "1978"]

1. e4 d6 2. d4 Nf6 3. Nc3 g6 4. Bg5 Bg7 5. Qd2 O-O 6. O-O-O Na6 7. f4 Nd7 8. Nf3
h6 9. Bh4 c5 10. e5 cxd4 11. Nd5 dxe5 12. Bxe7 Qa5 13. Qxa5 1-0

[Event "AUTO-MASTER-1417"]
[Site "http://www.queenalice.com/game.php?id=942680"]
[Date "2011.5.26"]
[Round "1"]
[White "marcosweck"]
[Black "grotegeest"]
[Result "0-1"]
[WhiteElo "1952"]
[BlackElo "2279"]

1. Nf3 Nf6 2. c4 g6 3. d4 Bg7 4. Nc3 O-O 5. e4 d6 6. Be3 Na6 7. Qd2 e5 8. d5 Nc5
9. Bd3 Nh5 10. b4 Nxd3+ 11. Qxd3 Bg4 12. Nd2 Nf4 13. Bxf4 exf4 14. h3 Bd7 15.
Rc1 f5 16. exf5 Bxf5 17. Qf3 Re8+ 18. Kf1 Qf6 19. Kg1 Qd4 20. Kh2 Qxd2 21. Rhd1
Qb2 22. Nb5 Be4 23. Qxf4 Be5 0-1

[Event "AUTO-MASTER-1417"]
[Site "http://www.queenalice.com/game.php?id=942693"]
[Date "2011.5.26"]
[Round "1"]
[White "marcosweck"]
[Black "killtochess"]
[Result "0-1"]
[WhiteElo "1861"]
[BlackElo "2088"]

1. Nf3 c5 2. e4 Nc6 3. c3 Nf6 4. Qc2 d6 5. d4 e5 6. Bg5 Be7 7. Nbd2 Qc7 8. dxc5
dxc5 9. Bb5 Bd7 10. O-O a6 11. Bxc6 Bxc6 12. Bxf6 Bxf6 13. Rad1 O-O-O 14. b4
cxb4 15. cxb4 Bb5 16. Qxc7+ Kxc7 17. Rc1+ Kb6 18. Rfe1 Rc8 19. Nb3 Rhe8 20. Nc5
g6 21. a4 Bc6 22. Red1 Red8 23. Nd2 Rd4 24. Nc4+ Ka7 25. Rxd4 exd4 26. b5 axb5
27. axb5 Bxb5 28. Nd6 Rxc5 29. Rxc5 Bc6 30. f3 d3 31. Kf1 Bd4 32. Ra5+ Kb6 33.
Ra3 d2 34. Nc4+ Kc5 35. Nxd2 Kb4 36. Ra8 Kc3 37. Nb1+ Kb2 38. Nd2 Kc3 39. Ke2
Bb5+ 40. Kd1 Be5 41. g3 Bd6 42. f4 Bc6 43. e5 Bc5 44. Rf8 Bxf8 45. Nf1 Bc5 46.
h4 Bf2 47. Ke2 Bd4 48. Nh2 h5 49. g4 Bg1 50. Nf3 Bxf3+ 51. Kxf3 hxg4+ 52. Kxg4
Bh2 53. Kg5 b5 54. Kf6 b4 55. Kxf7 b3 56. e6 b2 57. e7 b1=Q 58. e8=Q Qf5+ 59.
Kg7 Bxf4 60. Qxg6 Be5+ 61. Kh6 Qf8+ 62. Kh5 Kd4 63. Qg4+ Kd5 64. Qd7+ Bd6 65.
Qb5+ Bc5 66. Qd7+ Ke5 67. Qc7+ Bd6 68. Qc3+ Kf5 69. Qf3+ Bf4 0-1

[Event "AUTO-MASTER-1417"]
[Site "http://www.queenalice.com/game.php?id=942694"]
[Date "2011.5.26"]
[Round "1"]
[White "killtochess"]
[Black "marcosweck"]
[Result "1-0"]
[WhiteElo "2118"]
[BlackElo "1976"]

1. d4 d6 2. e4 Nf6 3. Nc3 g6 4. f4 Bg7 5. a3 O-O 6. Nf3 c5 7. dxc5 Qa5 8. b4 Qc7
9. e5 dxe5 10. fxe5 Ng4 11. Nd5 Qd7 12. Bb2 e6 13. Nf6+ Nxf6 14. exf6 Bh8 15. g4
Qxd1+ 16. Rxd1 h6 17. h4 e5 18. g5 Bg4 19. Be2 Re8 20. Rd5 e4 21. Ne5 Bxe2 22.
Kxe2 b5 23. Rhd1 a5 24. Rd8 Na6 25. Rxa8 Rxa8 26. Rd7 axb4 27. Nxf7 Nxc5 28.
Nxh6+ Kf8 29. Rf7+ Ke8 30. Rh7 1-0

[Event "AUTO-MASTER-1417"]
[Site "http://www.queenalice.com/game.php?id=942695"]
[Date "2011.5.26"]
[Round "1"]
[White "marcosweck"]
[Black "tariann"]
[Result "0-1"]
[WhiteElo "1855"]
[BlackElo "2083"]

1. Nf3 d5 2. c4 d4 3. e3 dxe3 4. fxe3 c5 5. b4 e6 6. bxc5 Bxc5 7. d4 Bb4+ 8. Bd2
Nc6 9. a3 Bxd2+ 10. Nbxd2 Nf6 11. Bd3 O-O 12. O-O Qc7 13. h3 b6 14. Qc2 Bb7 15.
Ne4 Nxe4 16. Bxe4 g6 17. Rac1 Ne7 18. c5 Bxe4 19. Qxe4 Nd5 20. Ng5 Qg3 21. Rf3
Qxg5 22. Rcf1 bxc5 23. h4 Qe7 24. h5 cxd4 25. Qxd4 a6 26. h6 f5 27. Rb1 Qf6 28.
Qa4 g5 29. Qd7 Rfd8 30. Qa4 Qxh6 31. e4 Nc7 32. exf5 exf5 33. Rxf5 Qg6 34. Rbf1
Qb6+ 35. Kh1 h6 36. Qc4+ Ne6 37. Rf6 Rd6 38. Rg6+ Kh7 39. Rff6 Rd1+ 40. Kh2 Qd6+
41. g3 Qd2+ 42. Kh3 Rh1+ 43. Kg4 Qd1+ 44. Kf5 Rf1+ 45. Kxe6 Re8+ 0-1

[Event "AUTO-MASTER-1417"]
[Site "http://www.queenalice.com/game.php?id=942696"]
[Date "2011.5.26"]
[Round "1"]
[White "tariann"]
[Black "marcosweck"]
[Result "1/2-1/2"]
[WhiteElo "2090"]
[BlackElo "1848"]

1. e4 d6 2. d4 Nf6 3. Nc3 g6 4. f4 Bg7 5. Nf3 O-O 6. Be2 c5 7. O-O cxd4 8. Nxd4
e5 9. Ndb5 exf4 10. Bxf4 Qb6+ 11. Kh1 a6 12. Qxd6 Qxd6 13. Nxd6 b5 14. Bf3 Ra7
15. Nxf7 Raxf7 16. Bxb8 Bb7 17. Bd6 Rd8 18. e5 Bxf3 19. Rxf3 Ne8 20. Rxf7 Kxf7
21. Rd1 Nxd6 22. Rxd6 Rxd6 23. exd6 Ke6 24. Ne4 Bxb2 25. g3 h5 26. Kg2 Ba3 27.
Kf3 Bxd6 28. Nxd6 Kxd6 29. Kf4 Ke6 30. Ke4 g5 31. c3 g4 32. a3 a5 33. Kd4 Kd6
34. c4 b4 35. axb4 axb4 36. c5+ Kc6 37. Kc4 b3 38. Kxb3 Kxc5 39. Kc3 Kd5 40. Kd3
Ke5 41. Ke3 Kf5 42. Kd4 Ke6 43. Ke4 Kf6 44. Kf4 Kg6 45. Ke5 Kg5 46. Ke6 h4 47.
Ke5 Kg6 48. Kf4 hxg3 49. hxg3 Kf6 50. Kxg4 Kg6 51. Kf4 Kf6 52. g4 Kg6 53. g5 Kg7
54. Kf5 Kf7 55. g6+ Kg7 56. Kg5 1/2-1/2

[Event "AUTO-MASTER-1418"]
[Site "http://www.queenalice.com/game.php?id=943333"]
[Date "2011.5.27"]
[Round "1"]
[White "GiovanniCosta"]
[Black "marcosweck"]
[Result "1-0"]
[WhiteElo "2080"]
[BlackElo "1978"]

1. d4 d6 2. Nf3 g6 3. c3 Bg7 4. e4 Nf6 5. Bd3 O-O 6. Bg5 h6 7. Bh4 Bg4 8. h3
Bxf3 9. Qxf3 e5 10. Nd2 Nbd7 11. O-O c6 12. Bc2 Qc7 13. Nc4 exd4 14. cxd4 b5 15.
Ne3 Rfe8 16. a4 a6 17. Rfd1 Nh7 18. Bb3 Ndf6 19. axb5 cxb5 20. Nd5 Nxd5 21. Bxd5
Rad8 22. Bxd8 Rxd8 23. Rxa6 Ng5 24. Qb3 1-0

[Event "AUTO-MASTER-1418"]
[Site "http://www.queenalice.com/game.php?id=943334"]
[Date "2011.5.27"]
[Round "1"]
[White "marcosweck"]
[Black "GiovanniCosta"]
[Result "0-1"]
[WhiteElo "1975"]
[BlackElo "2065"]

1. Nf3 Nf6 2. c4 g6 3. b4 Bg7 4. Bb2 O-O 5. d4 d5 6. e3 c6 7. c5 Bf5 8. Bd3 Ne4
9. Nbd2 Nxf2 10. Kxf2 Bxd3 11. Qb3 Bf5 12. b5 e5 13. dxe5 Nd7 14. Bd4 Qa5 15. a4
a6 16. bxc6 bxc6 17. Nh4 Qxd2+ 18. Kg3 Nxc5 0-1

[Event "AUTO-MASTER-1418"]
[Site "http://www.queenalice.com/game.php?id=943349"]
[Date "2011.5.27"]
[Round "1"]
[White "marcosweck"]
[Black "Famelo"]
[Result "1-0"]
[WhiteElo "1852"]
[BlackElo "1834"]

1. Nf3 g6 2. c4 Bg7 3. Nc3 Nf6 4. e4 O-O 5. d4 Nc6 6. d5 Nb8 7. h3 d6 8. Be3 c6
9. Be2 Nbd7 10. b4 cxd5 11. exd5 a5 12. b5 b6 13. a4 Nc5 14. Bd2 Nfe4 15. Qc2
Nxd2 16. Nxd2 Bf5 17. Qc1 Bd3 18. Ra3 Bxc3 19. Qxc3 Bxe2 20. Kxe2 Qd7 21. Nf3
Qf5 22. Re1 e5 23. dxe6 fxe6 24. Kf1 Nd3 25. Qxd3 Qxd3+ 26. Rxd3 Rf4 27. Rd4
Rxd4 28. Nxd4 e5 29. Nc6 Kf7 30. Re4 Kf6 31. g4 Kg5 32. Kg2 h5 33. gxh5 gxh5 34.
h4+ Kf5 35. f3 Rg8+ 36. Kh3 Rg1 37. Ne7+ Ke6 38. Nd5 Rg8 39. Nxb6 Rg1 40. Re2
Ra1 41. Rb2 Kf5 42. Nc8 1-0

[Event "AUTO-MASTER-1418"]
[Site "http://www.queenalice.com/game.php?id=943350"]
[Date "2011.5.27"]
[Round "1"]
[White "Famelo"]
[Black "marcosweck"]
[Result "0-1"]
[WhiteElo "1851"]
[BlackElo "1835"]

1. f4 d6 2. Nf3 Nf6 3. e3 b6 4. Be2 Bb7 5. O-O g6 6. b3 Bg7 7. d4 c5 8. dxc5
bxc5 9. Bb2 O-O 10. Qe1 Nc6 11. Bd3 Nb4 12. Na3 Ba6 13. Bxa6 Nxa6 14. Rd1 Nb4
15. c3 Nc6 16. e4 Nd7 17. e5 dxe5 18. fxe5 e6 19. c4 a6 20. Nc2 Qc7 21. Qd2 Rad8
22. Qe1 Ndxe5 23. Rxd8 Rxd8 24. Nxe5 Nxe5 25. Bxe5 Bxe5 26. g3 h5 27. Qf2 f5 28.
Re1 Kf7 29. Qe3 Kf6 30. h4 Rd4 31. Qg5+ Kg7 32. Nxd4 cxd4 33. Kg2 Kf7 34. Qh6
Qc6+ 35. Kh3 Bg7 36. Qd2 e5 37. Qb4 d3 38. c5 e4 39. Kh2 Ke7 0-1

[Event "AUTO-MASTER-1418"]
[Site "http://www.queenalice.com/game.php?id=943351"]
[Date "2011.5.27"]
[Round "1"]
[White "marcosweck"]
[Black "Henderb"]
[Result "0-1"]
[WhiteElo "1863"]
[BlackElo "2060"]

1. Nf3 c5 2. e3 Nc6 3. c3 e5 4. d4 cxd4 5. cxd4 e4 6. Nfd2 d5 7. Nc3 Nf6 8. Be2
Bd6 9. b3 O-O 10. O-O Qc7 11. g3 Bh3 12. Re1 a6 13. Bf1 Bxf1 14. Kxf1 Qd7 15.
Kg2 Nb4 16. Ne2 Nd3 17. Rf1 Ng4 18. h3 Ndxf2 0-1

[Event "AUTO-MASTER-1418"]
[Site "http://www.queenalice.com/game.php?id=943352"]
[Date "2011.5.27"]
[Round "1"]
[White "Henderb"]
[Black "marcosweck"]
[Result "1-0"]
[WhiteElo "2061"]
[BlackElo "1849"]

1. Nf3 d6 2. d4 g6 3. c4 Bg7 4. g3 Nf6 5. Bg2 c6 6. Nc3 a6 7. O-O O-O 8. e4 b5
9. cxb5 axb5 10. Qc2 Ba6 11. Re1 Nbd7 12. b4 Nb6 13. Nd2 Rc8 14. Bb2 Re8 15. a4
e5 16. a5 Nbd7 17. Ne2 c5 18. dxc5 Qc7 19. Nb3 dxc5 20. bxc5 Nxc5 21. Rac1 Bf8
22. Bh3 Nfd7 23. Ba3 Bb7 24. Bxc5 Bxc5 25. Nxc5 Nxc5 26. Bxc8 Rxc8 27. Nc3 Qc6
28. Nd5 Kg7 29. Ne7 1-0

[Event "AUTO-MASTER-1419"]
[Site "http://www.queenalice.com/game.php?id=943720"]
[Date "2011.5.28"]
[Round "1"]
[White "capaputi"]
[Black "marcosweck"]
[Result "1-0"]
[WhiteElo "2199"]
[BlackElo "1866"]

1. Nf3 d6 2. e4 g6 3. d4 Nf6 4. Nc3 Bg7 5. Bg5 h6 6. Bf4 O-O 7. Bd3 c6 8. h3 b5
9. a3 a5 10. Qd2 Nbd7 11. Bxh6 e5 12. Bxg7 Kxg7 13. Ne2 Rb8 14. Ng3 c5 15. dxe5
Nxe5 16. Be2 Bb7 17. Rd1 Nxe4 18. Nxe4 Bxe4 19. Nxe5 dxe5 20. Qe3 Qh4 21. g3 Qh6
22. Qxe4 Rbe8 23. Bxb5 f5 24. Qg2 Re7 25. O-O Rh8 26. h4 f4 27. Rd7 Rxd7 28.
Bxd7 g5 29. gxf4 exf4 30. Qxg5+ Qxg5+ 31. hxg5 Rh5 32. Kg2 Rxg5+ 33. Kf3 Rd5 34.
Bc6 Rd6 35. Be4 1-0

[Event "AUTO-MASTER-1419"]
[Site "http://www.queenalice.com/game.php?id=943721"]
[Date "2011.5.28"]
[Round "1"]
[White "marcosweck"]
[Black "capaputi"]
[Result "0-1"]
[WhiteElo "1983"]
[BlackElo "2204"]

1. Nf3 d5 2. c4 Nf6 3. cxd5 Nxd5 4. Nc3 g6 5. e4 Nb6 6. d4 Bg7 7. Be3 O-O 8. Qd2
Nc6 9. Rd1 Bg4 10. h3 Bxf3 11. gxf3 e5 12. d5 Nd4 13. Bxd4 exd4 14. Ne2 Re8 15.
Nxd4 Nxd5 16. Ne2 Nb6 17. b3 Qf6 18. Bg2 Rad8 19. Qe3 Nd5 20. Qxa7 Nc3 21. Rc1
Nxe2 22. Kxe2 Qb2+ 0-1

[Event "AUTO-MASTER-1419"]
[Site "http://www.queenalice.com/game.php?id=943736"]
[Date "2011.5.28"]
[Round "1"]
[White "Eduarte"]
[Black "marcosweck"]
[Result "1-0"]
[WhiteElo "2015"]
[BlackElo "1966"]

1. d4 d6 2. e4 Nf6 3. Bd3 g6 4. Ne2 Bg7 5. O-O O-O 6. h3 c5 7. c3 a6 8. f4 b5 9.
e5 Nfd7 10. exd6 exd6 11. f5 Bb7 12. Bf4 Nf6 13. Nd2 cxd4 14. Nxd4 Nbd7 15. Bxd6
Re8 16. N2f3 Nh5 17. fxg6 fxg6 18. Qb3+ Kh8 19. Ne6 Qf6 20. Nfg5 h6 21. Rxf6
Bxf6 22. Nf7+ 1-0

[Event "AUTO-MASTER-1419"]
[Site "http://www.queenalice.com/game.php?id=943737"]
[Date "2011.5.28"]
[Round "1"]
[White "marcosweck"]
[Black "Eduarte"]
[Result "0-1"]
[WhiteElo "1903"]
[BlackElo "2038"]

1. Nf3 Nf6 2. c4 g6 3. b3 Bg7 4. Bb2 O-O 5. d4 d6 6. Nbd2 c5 7. d5 a6 8. e4 e6
9. h4 exd5 10. cxd5 Re8 11. Bd3 Nxd5 12. Bxg7 Kxg7 13. Kf1 Nf4 14. Nc4 b5 15.
Ne3 Bb7 16. Qc2 Nxd3 17. Qxd3 Bxe4 18. Qe2 Nc6 19. Rd1 d5 20. Ng5 Qf6 21. Nxd5
Bxd5 22. Qg4 h5 23. Qd7 Rad8 24. Qb7 Bc4+ 0-1

[Event "AUTO-MASTER-1419"]
[Site "http://www.queenalice.com/game.php?id=943746"]
[Date "2011.5.28"]
[Round "1"]
[White "SirKnight"]
[Black "marcosweck"]
[Result "1-0"]
[WhiteElo "2049"]
[BlackElo "1845"]

1. e4 d6 2. d4 Nf6 3. Nc3 g6 4. Nf3 Bg7 5. Be2 O-O 6. O-O e5 7. dxe5 dxe5 8.
Qxd8 Rxd8 9. Bg5 Re8 10. Rad1 Nbd7 11. Bd3 h6 12. Bc1 Nc5 13. Be3 Nxd3 14. cxd3
Ng4 15. d4 Nxe3 16. fxe3 exd4 17. exd4 Bg4 18. Rd2 Rad8 19. Rfd1 c6 20. Kf2 f5
21. exf5 gxf5 22. Ne2 Bxf3 23. Kxf3 Re7 24. Ng3 Rd5 25. Rd3 Red7 26. Nh5 Rxd4
27. Rxd4 1-0

[Event "AUTO-MASTER-1419"]
[Site "http://www.queenalice.com/game.php?id=943747"]
[Date "2011.5.28"]
[Round "1"]
[White "marcosweck"]
[Black "SirKnight"]
[Result "0-1"]
[WhiteElo "1854"]
[BlackElo "2040"]

1. Nf3 Nf6 2. c4 e6 3. d4 b6 4. Nc3 Bb4 5. Bd2 Nc6 6. a3 Bxc3 7. Bxc3 Ne4 8. Qc2
Nxc3 9. bxc3 Bb7 10. e4 O-O 11. d5 exd5 12. cxd5 Ne7 13. c4 d6 14. Bd3 h6 15. e5
dxe5 16. Nxe5 Qd6 17. f4 Ng6 18. Bxg6 fxg6 19. Nxg6 Rf6 20. f5 Re8+ 21. Kd2 Bc8
22. g4 Rxg6 23. fxg6 Qf4+ 24. Kc3 Qf3+ 0-1